[Event "Calvia Amateur op 19th"]
[Site "Calvia"]
[Date "2022.10.10"]
[Round "3"]
[White "Stubbs, Oliver"]
[Black "Zvaunis, Maris"]
[Result "1-0"]
[WhiteElo "1984"]
[BlackElo "1500"]
[PlyCount "85"]
[EventDate "2022.10.08"]
[EventType "swiss"]
[EventRounds "9"]
[EventCountry "ESP"]
[SourceTitle "CBM 210 Extra"]
[Source "ChessBase"]
[SourceDate "2022.11.30"]
[SourceVersion "1"]
[SourceVersionDate "2022.11.30"]
[SourceQuality "1"]

1. d4 d5 2. Bf4 e6 3. e3 Bd6 4. Qg4 g6 5. Qf3 Bxf4 6. Qxf4 Nd7 7. Nc3 c6 8. Nf3 h6 9. Bd3 Ne7 10. h4 b5 11. e4 b4 12. Ne2 a5 13. 0-0 Ba6 14. Bxa6 Rxa6 15. Ne5 Nxe5 16. Qxe5 0-0 17. Qf4 Kh7 18. Ng3 f6 19. Rfe1 g5 20. hxg5 fxg5 21. Qe3 Rb6 22. exd5 cxd5 23. a3 Qd6 24. axb4 Qxb4 25. b3 Qb5 26. Ra4 Nf5 27. Nxf5 Rxf5 28. Rea1 Qc6 29. Qd3 Kg7 30. Rxa5 Rb7 31. Ra6 Qd7 32. Qe2 Kf7 33. Re1 Rf6 34. Qd3 Kg7 35. Re3 Qf7 36. Qe2 Re7 37. c4 dxc4 38. bxc4 Qg6 39. Rb6 Kf7 40. d5 e5 41. Rf3 Ree6 42. Rxe6 Qb1+ 43. Kh2 1-0